Elementary linear algebra with applications / (Record no. 166067)

MARC details
000 -LEADER
fixed length control field 00658nam a22001937a 4500
005 - DATE AND TIME OF LATEST TRANSACTION
control field 20190711174433.0
010 ## - LCCN (DPL NO)
LC control number ENG-125883
020 ## - INTERNATIONAL STANDARD BOOK NUMBER
International Standard Book Number 9789353433031
Terms of availability 659.00
035 ## - SYSTEM CONTROL NUMBER
System control number EN-109415
037 ## - SOURCE OF ACQUISITION
Source of stock number/acquisition DBAD/PUB
082 ## - DEWEY DECIMAL CLASSIFICATION NUMBER
Classification number 512.5
100 ## - MAIN ENTRY--PERSONAL NAME
Personal name Kolman, Bernard
245 ## - TITLE STATEMENT
Title Elementary linear algebra with applications /
Statement of responsibility, etc by Bernard Kolman [and] David R.Hill
260 ## - PUBLICATION, DISTRIBUTION, ETC. (IMPRINT)
Place of publication, distribution, etc Noida
Name of publisher, distributor, etc Pearson India Education
Date of publication, distribution, etc 2019
270 ## - ADDRESS
Address 15th Floor, Tower-B World Trade Tower, Plot No. 1 Block- C, Sector-16
City Noida, Uttar Pradesh
Postal code 201301
300 ## - PHYSICAL DESCRIPTION
Extent various paging.
Dimensions 23cm(pbk)
500 ## - GENERAL NOTE
General note Includes index
942 ## - ADDED ENTRY ELEMENTS (KOHA)
Source of classification or shelving scheme Dewey Decimal Classification
Item type English Books
Classification part 512.5
Call number suffix KOL
Holdings
Withdrawn status Lost status Not for loan Collection code Home library Current library Date acquired Source of acquisition Cost, normal purchase price Full call number Barcode Copy number Cost, replacement price Koha item type
      Non-fiction Bawana Bawana 11/07/2019 DBAD/PUB 659.00 512.5 KOL EN-109415 1 659.00 English Books

© Delhi Public Library
Hit Counter
free hit counter